000 00600nam a2200229Ia 4500
003 OSt
005 20220928114722.0
006 a|||||r|||| 00| 0
007 ta
008 220927b |||||||| |||| 00| 0 eng d
024 _a33216
037 _cTextual
040 _aSDCL
_cSDCL
_beng
041 _2eng
_aeng
082 _aS:12, N4
100 _aStanton Neville Ed.
_9440560
245 0 _aHuman factors in alarm design.
260 _aLondon
_bTaylor & Francis
_c1994
300 _ax,238p.
_ccm.
942 _hS:12, N4
_cTEXL
_2CC
999 _c756125
_d756125